000 00945cam a2200289 4500
001 1226237
003 ARRUPE
005 20160810102107.0
008 710119s1966 enka b 001 0 eng
010 _a 66074524
015 _aB66-6618
040 _aDLC
_cDLC
_dDLC
050 0 0 _aBS2330.2
_b.M6 1966
082 0 0 _a225.6/7
_219
100 1 _aMoule, C. F. D.
_q(Charles Francis Digby),
_d1908-2007.
_924676
245 1 4 _aThe birth of the New Testament
_c[by] C. F. D. Moule.
250 _a2nd ed.
260 _aLondon,
_bBlack,
_c1966.
300 _axii, 252 p.
_bdiagrs.
_c23 cm.
350 _a25/-
490 0 _aBlack's New Testament commentaries, companion volume,
_v1
504 _aIncludes bibliographical references.
630 0 0 _aBible.
_pNew Testament
_xCanon.
_924677
650 0 _aChurch history
_yPrimitive and early church, ca. 30-600
_924678
906 _a7
_bcbc
_corignew
_du
_eopcn
_f19
_gy-gencatlg
942 _2lcc
_cMONOGRAPH
999 _c124876
_d124876